Filme zusammensetzen #2 (Die Verurteilten) - Statistiken

Allgemein
  • Dieses Quiz wurde 38 mal gespielt
  • Das Durchschnittsergebnis liegt bei 61 aus 81
Antwortstatistiken
Frage Kachel Select % Korrekt
1. Szene Nein
94%
1. Szene Nein
94%
1. Szene Nein
94%
1. Szene Nein
94%
1. Szene Nein
91%
1. Szene Nein
89%
1. Szene Nein
89%
2. Szene Nein
89%
2. Szene Nein
89%
2. Szene Nein
89%
2. Szene Nein
89%
2. Szene Nein
86%
2. Szene Nein
86%
3. Szene Nein
83%
3. Szene Nein
83%
3. Szene Nein
83%
3. Szene Nein
83%
4. Szene Nein
83%
4. Szene Nein
83%
4. Szene Nein
83%
4. Szene Nein
83%
4. Szene Nein
83%
1. Szene Nein
80%
2. Szene Nein
80%
3. Szene Nein
80%
4. Szene Nein
80%
5. Szene Nein
80%
5. Szene Nein
80%
5. Szene Nein
80%
6. Szene Nein
80%
6. Szene Nein
80%
7. Szene Nein
80%
7. Szene Nein
80%
7. Szene Nein
80%
7. Szene Nein
80%
8. Szene Nein
80%
8. Szene Nein
80%
8. Szene Nein
80%
8. Szene Nein
80%
5. Szene Nein
77%
5. Szene Nein
77%
6. Szene Nein
77%
6. Szene Nein
77%
7. Szene Nein
77%
8. Szene Nein
77%
8. Szene Nein
77%
9. Szene Nein
77%
9. Szene Nein
77%
9. Szene Nein
77%
9. Szene Nein
77%
9. Szene Nein
77%
9. Szene Nein
77%
3. Szene Nein
74%
3. Szene Nein
74%
6. Szene Nein
74%
6. Szene Nein
74%
7. Szene Nein
74%
7. Szene Nein
74%
7. Szene Nein
74%
9. Szene Nein
74%
1. Szene Ja
71%
5. Szene Nein
71%
6. Szene Nein
71%
8. Szene Nein
71%
2. Szene Nein
69%
3. Szene Nein
69%
8. Szene Nein
69%
9. Szene Nein
66%
4. Szene Nein
63%
5. Szene Nein
63%
7. Szene Ja
63%
9. Szene Ja
63%
5. Szene Nein
60%
6. Szene Nein
60%
2. Szene Ja
57%
8. Szene Ja
54%
3. Szene Ja
49%
4. Szene Nein
49%
6. Szene Ja
37%
5. Szene Ja
29%
4. Szene Ja
26%
Keine übereinstimmenden Quizze gefunden
Verteilung der Resultate
Anzahl Personen mit jedem Resultat
Perzentil nach korrekt beantworteten Fragen
Ihre Resultats-Entwicklung
Sie haben dieses Quiz noch nicht gespielt